Fundamentals of soil mechanics.

Guardado en:
書目詳細資料
主要作者: Taylor, Donald W
格式: 圖書
出版: New York : J. Wiley, c1948
主題:
標簽: 添加標簽
沒有標簽, 成為第一個標記此記錄!

MARC

LEADER 00000nam a2200000Ia 4500
003 000264
005 20221231143956.0
008 140114s1948 ny a 000 ||e d
040 |c cru CEDI 
082 |a 624.151 T239f 
100 |c Taylor, Donald W  |9 18931 
245 |a Fundamentals of soil mechanics.  
260 |a New York : J. Wiley,  |c  c1948 
300 |a xii, 700 páginas ;ilustraciones 
500 |a  "references" p. 683-691.  
650 |x Mecánica de suelos  |9 18932 
942 |2 ddc  |c BK 
999 |c 15043  |d 15043